000 00660nam a2200229Ia 4500
005 20241216010026.0
008 180423s9999||||xx |||||||||||||| ||und||
020 _a968-24-3695-8
082 _a337.13
_bK26
100 _aKAUFMAN, ROGER A.
245 0 _aPLANIFICACION DE SISTEMAS EDUCATIVOS
_bIDEAS BASICAS CONCRETAS
250 _a2
260 _aMEXICO
_bTRILLAS S. A.
_c1998
300 _a189 pag.
_c23 cm
341 _h54
490 _v0
_a0
505 _aMETODO DE PROYECTOS EN LA ENSEÑANZA/EDUCACION/PLANEAMIENTO
541 _aC
_bLIBRERIA SAN CRISTOBAL
_d16-Nov-00
_odólar
650 _aCIENCIAS SOCIALES
856 _zHumanidades
942 _cLIBRO
999 _c3533
_d3533